| Tag |
First Indicator |
Second Indicator |
Subfields |
| LEADER |
00000cam a2200000 i 4500 |
| 001 |
in00000069934 |
| 005 |
20160716063251.0 |
| 008 |
801031s1981 nyu b 001 0 eng |
| 010 |
|
|
|a 80027244
|
| 020 |
|
|
|a 0804692750 :
|c $17.50
|
| 035 |
|
|
|a (OCoLC)ocm06942953
|
| 035 |
|
|
|9 AAJ4717AM
|
| 040 |
|
|
|a DLC
|c DLC
|d TXA
|d UtOrBLW
|
| 043 |
|
|
|a a-cc---
|
| 049 |
|
|
|a TXAM
|
| 050 |
0 |
0 |
|a KNN440
|b .K56 1981
|
| 082 |
0 |
0 |
|a 349.51
|a 345.1
|2 19
|
| 100 |
1 |
|
|a Kim, Hyung I.,
|d 1926-
|
| 245 |
1 |
0 |
|a Fundamental legal concepts of China and the West :
|b a comparative study /
|c Hyung I. Kim.
|
| 264 |
|
1 |
|a Port Washington, N.Y. :
|b Kennikat Press,
|c 1981.
|
| 300 |
|
|
|a xiii, 175 pages ;
|c 23 cm.
|
| 336 |
|
|
|a text
|b txt
|2 rdacontent
|
| 337 |
|
|
|a unmediated
|b n
|2 rdamedia
|
| 338 |
|
|
|a volume
|b nc
|2 rdacarrier
|
| 490 |
1 |
|
|a Multidisciplinary studies in the law
|
| 490 |
0 |
|
|a National university publications
|
| 504 |
|
|
|a Includes bibliographical references and index.
|
| 650 |
|
0 |
|a Law
|z China.
|
| 650 |
|
0 |
|a Law
|x Philosophy.
|
| 650 |
|
0 |
|a Comparative law.
|
| 830 |
|
0 |
|a Multi-disciplinary studies in the law.
|
| 994 |
|
|
|a C0
|b TXA
|
| 999 |
|
|
|a MARS
|
| 999 |
f |
f |
|s 8b8264ef-1d71-322c-b988-58f680446da6
|i a85ab3c2-2b4e-3517-9c35-b1458d2a1a83
|t 0
|
| 952 |
f |
f |
|p ric
|a Texas A&M University
|b Rellis Campus
|c Joint Library Facility
|d Remote Storage
|t 0
|e KNN440 .K56 1981
|h Library of Congress classification
|i unmediated -- volume
|m A14806074622
|
| 998 |
f |
f |
|a KNN440 .K56 1981
|t 0
|l Remote Storage
|